<?xml version="1.0" encoding="UTF-8"?>
<record
    xmlns:xsi="http://www.w3.org/2001/XMLSchema-instance"
    xsi:schemaLocation="http://www.loc.gov/MARC21/slim http://www.loc.gov/standards/marcxml/schema/MARC21slim.xsd"
    xmlns="http://www.loc.gov/MARC21/slim">

  <leader>02297agaaa2200337   4500</leader>
  <controlfield tag="001">6225</controlfield>
  <controlfield tag="003">IT-RoPAU</controlfield>
  <controlfield tag="005">20220918181234.0</controlfield>
  <controlfield tag="007">d cvaizq</controlfield>
  <controlfield tag="008">50131s9999||||xx ||| |     ||   ||und||</controlfield>
  <datafield tag="040" ind1=" " ind2=" ">
    <subfield code="a">IT-RoPAU</subfield>
    <subfield code="c">IT-RoPAU</subfield>
  </datafield>
  <datafield tag="041" ind1=" " ind2=" ">
    <subfield code="a">ITALIANO</subfield>
  </datafield>
  <datafield tag="100" ind1=" " ind2=" ">
    <subfield code="a">Truffaut Francois</subfield>
    <subfield code="g">Codice regista SPICS: 318</subfield>
    <subfield code="9">42151</subfield>
  </datafield>
  <datafield tag="130" ind1=" " ind2=" ">
    <subfield code="a">FAHRENHEIT 451</subfield>
    <subfield code="9">42152</subfield>
  </datafield>
  <datafield tag="240" ind1=" " ind2=" ">
    <subfield code="a">FAHRENHEIT 451</subfield>
    <subfield code="g">T1848</subfield>
  </datafield>
  <datafield tag="245" ind1=" " ind2=" ">
    <subfield code="a">FAHRENHEIT 451</subfield>
    <subfield code="c">Prodotto da: Vineyard Films -- Sceneggiatura: Truffaut Francois Richard Jean Louis -- Diretto da: Truffaut Francois</subfield>
    <subfield code="p">FAHRENHEIT 451 (Rif. Codice opera principale : 26225)</subfield>
  </datafield>
  <datafield tag="246" ind1=" " ind2=" ">
    <subfield code="a">FAHRENHEIT 451</subfield>
  </datafield>
  <datafield tag="250" ind1=" " ind2=" ">
    <subfield code="a">Edizione Standard</subfield>
  </datafield>
  <datafield tag="260" ind1=" " ind2=" ">
    <subfield code="a">(INGHILTERRA)</subfield>
    <subfield code="b">VINEYARD FILMS / Distribuzione: RAI</subfield>
    <subfield code="g">"1966 (1&#xB0; ed.: 1989 ; Ed. Lingua Orig.: 1966)"</subfield>
  </datafield>
  <datafield tag="300" ind1=" " ind2=" ">
    <subfield code="a">VHS</subfield>
    <subfield code="b">sonoro, col.</subfield>
    <subfield code="c">110 minuti</subfield>
  </datafield>
  <datafield tag="508" ind1=" " ind2=" ">
    <subfield code="a">"Fotografia: Roeg Nicholas; Montaggio: Thom Nobie; Musica: Hermann Bernard; Sceneggiatura: Truffaut Francois Richard Jean Louis; "</subfield>
  </datafield>
  <datafield tag="511" ind1=" " ind2=" ">
    <subfield code="a">"Christie Julie; Werner Oscar; Cusak Cyril; Diffring Anton"</subfield>
  </datafield>
  <datafield tag="520" ind1=" " ind2=" ">
    <subfield code="a">DAL ROMANZO DI RAY BRADBURY IN UN IPOTETICO PAESE E' ASSOLUTAMENTE PROIBITA LA LETTURA DEI LIBRI IN QUANTO QUESTI SNATURANO I FATTI ABBELLISCONO LA REALTA' COSTRINGONO ALLA RIFLESSIONE E IMPEDISCONO ALLA GENTE DI ESSERE FELICE IL CAPITANO DEI VIGILI DEL FUOCO AI QUALI E' AFFIDATO IL COMPITO DI SCOVARE I LIBRI BRUCIARLI E CASTIGARE I COLPEVOLI TIENE IN PARTICOLARE CONSIDERAZIONE MONTAG MA QUESTI INCOMINCIA A DUBITARE DELLA VALIDITA' DEL SUO OPERATO QUANDO INCONTRA CASUALMENTE CLARISSA UNA GIOVANE ISTITUTRICE LA QUALE RISVEGLIA IN LUI IL NATURALE DESIDERIO DI SAPERE E DI CONOSCERE SI RIBELLA ALSUO COMANDANTE E SI RIFUGIA NEI BOSCHI DOVE ALCUNI UOMINI VIVONO IN COMUNITA' IMPARANDO A MEMORIA IL CONTENUTO DEI LIBRI DECISI A TRAMANDARE IN UN FUTURO MIGLIORE AI POSTERI QUESTE OPERE DI VALORE UNIVERSALE FILM A COLORI FANTASCIENZA</subfield>
  </datafield>
  <datafield tag="538" ind1=" " ind2=" ">
    <subfield code="a">PAL, STEREO</subfield>
  </datafield>
  <datafield tag="546" ind1=" " ind2=" ">
    <subfield code="a">ITALIANO</subfield>
  </datafield>
  <datafield tag="650" ind1=" " ind2=" ">
    <subfield code="a">FANTASCIENZA</subfield>
    <subfield code="e">FILMS [VHS]</subfield>
    <subfield code="x">Codice MATERIA SPICS: 9960</subfield>
    <subfield code="9">36963</subfield>
  </datafield>
  <datafield tag="700" ind1=" " ind2=" ">
    <subfield code="a">Hermann Bernard</subfield>
    <subfield code="e">(musica)</subfield>
    <subfield code="g">Codice Musica SPICS: 24481</subfield>
    <subfield code="9">42153</subfield>
  </datafield>
  <datafield tag="700" ind1=" " ind2=" ">
    <subfield code="a">Truffaut Francois </subfield>
    <subfield code="e">(regista)</subfield>
    <subfield code="g">Codice regista SPICS: 318</subfield>
    <subfield code="9">42154</subfield>
  </datafield>
  <datafield tag="700" ind1=" " ind2=" ">
    <subfield code="a">Truffaut Francois </subfield>
    <subfield code="e">(soggetto)</subfield>
    <subfield code="g">Codice Soggetto SPICS: 318</subfield>
    <subfield code="9">42155</subfield>
  </datafield>
  <datafield tag="942" ind1=" " ind2=" ">
    <subfield code="c">VH</subfield>
    <subfield code="2">ddc</subfield>
  </datafield>
  <datafield tag="999" ind1=" " ind2=" ">
    <subfield code="c">105568</subfield>
    <subfield code="d">105568</subfield>
  </datafield>
  <datafield tag="952" ind1=" " ind2=" ">
    <subfield code="0">0</subfield>
    <subfield code="1">0</subfield>
    <subfield code="4">0</subfield>
    <subfield code="6">26225_000000000000000</subfield>
    <subfield code="7">1</subfield>
    <subfield code="a">SPICS</subfield>
    <subfield code="b">SPICS</subfield>
    <subfield code="d">2015-01-31</subfield>
    <subfield code="l">0</subfield>
    <subfield code="o">26225</subfield>
    <subfield code="r">2015-01-31 00:00:00</subfield>
    <subfield code="w">2015-01-31</subfield>
    <subfield code="y">VH</subfield>
    <subfield code="z">Progr. Ins.: 1641 / N.Vol.:1 / Copie: 1 / Pag.: / Copia rara: NO / date import: 1.2.2015 / By Epidotti, Trombetti, Vaglietti</subfield>
  </datafield>
</record>
